ბათუმის შოთა რუსთაველის სახელმწიფო უნივერსიტეტის ბიბლიოთეკა

რჩეული (ბიბ.ჩანაწერი № 48889)

000 -LEADER
fixed length control field 00757nam a2200229Ia 4500
001 - CONTROL NUMBER
control field 15792
003 - CONTROL NUMBER IDENTIFIER
control field GE_BSU
008 - FIXED-LENGTH DATA ELEMENTS--GENERAL INFORMATION
fixed length control field 181216s||||||||xx |||||||||||||| ||und||
040 ## - CATALOGING SOURCE
Transcribing agency GE_BSU
080 ## - UNIVERSAL DECIMAL CLASSIFICATION NUMBER
Universal Decimal Classification number 821.353.1-1
100 ## - MAIN ENTRY--PERSONAL NAME
Personal name ჭელიძე, ოთარ
245 ## - TITLE STATEMENT
Title რჩეული
245 ## - TITLE STATEMENT
Remainder of title ლექსები.ბალადები
245 ## - TITLE STATEMENT
Statement of responsibility, etc. რედ.ვ.ჯავახაძე. მხატვ. ჯ.ყაველაშვილი
260 ## - PUBLICATION, DISTRIBUTION, ETC.
Place of publication, distribution, etc. თბილისი
260 ## - PUBLICATION, DISTRIBUTION, ETC.
Name of publisher, distributor, etc. საბჭ. საქართველო
260 ## - PUBLICATION, DISTRIBUTION, ETC.
Date of publication, distribution, etc. 1968.
300 ## - PHYSICAL DESCRIPTION
Extent 290გვ. : 1 ფ. პორტრ. ; 15სმ.
653 ## - INDEX TERM--UNCONTROLLED
Uncontrolled term ლექსები.ბალადები
653 ## - INDEX TERM--UNCONTROLLED
Uncontrolled term რჩეული
942 ## - ADDED ENTRY ELEMENTS (KOHA)
Koha item type წიგნი
ეგზემპლარები
Withdrawn status Lost status Damaged status Not for loan Date acquired Barcode Date last seen Price effective from Koha item type
        2018-12-17 39232 2018-12-17 2018-12-17 წიგნი